[Event "Fide Open"]
[Site "Voronezh"]
[Date "2018.06.16"]
[Round "5.10"]
[White "Napalkov, Vladimir"]
[Black "Khajrutdinov, Ildar"]
[Result "1/2-1/2"]
[WhiteElo "2005"]
[BlackElo "2106"]
[Annotator ""]
[Source ""]
[Remark ""]

1.d4 Nf6 2.c4 e6 3.Nc3 Bb4 4.e3 O-O 5.Bd3 d5 6.Nf3 c5 7.O-O Nc6
8.a3 Bxc3 9.bxc3 dxc4 10.Bxc4 Qc7 11.Bd3 e5 12.dxe5 Nxe5 13.Nxe5
Qxe5 14.Qc2 Re8 15.f3 Bd7 16.e4 c4 17.Be2 Qc5+ 18.Kh1 b5 19.Bd2
Bc6 20.Qc1 Qe7 21.Be3 Nd7 22.Bd1 Nc5 23.Bc2 a5 24.Qb1 Rad8 25.Bd4
Ne6 26.Bb6 Rd7 27.e5 Nf4 28.Bxh7+ Kh8 29.Be4 Bxe4 30.Qxe4 Qxe5
31.Rae1 Qxe4 32.Rxe4 Rxe4 33.fxe4 b4 34.axb4 axb4 35.cxb4 c3
36.Kg1 Nd3 37.b5 Rb7 38.Be3 Rxb5 39.Rd1 Nc5 40.Bxc5 Rxc5 41.Rc1
c2 42.Kf2 Kh7 43.Ke3 Kg6 44.Kd3 Rh5 45.h3 Rg5 46.Rxc2 Rg3+ 47.Kd4
f6 48.Kd5 Rd3+ 49.Kc4 Rd1 50.Rf2 Rd8 51.Kc3 Rd1 52.Rd2 Re1 53.Kd3
Kg5 54.Rf2 Kg6 55.Re2 Ra1 56.Ke3 Kf7 57.h4 Ke6 58.Rb2 Re1+ 59.Kf3
Rf1+ 60.Kg4 g6 61.Rb5 Rf2 62.g3 Rf1 63.h5 gxh5+ 64.Rxh5 Rf2 65.Rf5
Rxf5 66.exf5+ Ke5 67.Kf3 Kxf5 1/2-1/2

[Event "Fide Open"]
[Site "Voronezh"]
[Date "2018.06.16"]
[Round "5.11"]
[White "Abramov, Ilya"]
[Black "Kazmin, Semen"]
[Result "0-1"]
[WhiteElo "2089"]
[BlackElo "1970"]
[Annotator ""]
[Source ""]
[Remark ""]

1.d4 d5 2.c4 e6 3.Nc3 c6 4.e3 Nd7 5.Nf3 f5 6.Bd3 Nh6 7.Qc2 Bd6
8.cxd5 exd5 9.Ne2 Nf6 10.Ne5 O-O 11.f4 Ne4 12.O-O Bd7 13.Bd2
Be8 14.Bxe4 fxe4 15.Ng3 Qe7 16.Bc3 Bxe5 17.fxe5 Bd7 18.Qd2 Qg5
19.Bb4 Rxf1+ 20.Rxf1 Ng4 21.Rf4 Qh4 22.h3 Qxg3 23.hxg4 Bxg4 24.Qf2
Qxf2+ 25.Kxf2 Be6 26.Ke1 b6 27.Bd6 h6 28.Ke2 a5 29.Bc7 a4 30.Rf1
Rc8 31.Bd6 c5 32.Rc1 cxd4 33.Rxc8+ Bxc8 34.exd4 Kf7 35.Ke3 g5
36.Bb4 h5 37.Kf2 h4 38.Ke3 g4 39.Kf4 h3 40.gxh3 gxh3 41.Kg3 e3
42.a3 Kg6 43.Bc3 e2 44.Bd2 Bg4 45.Kh2 Kf5 46.Kg3 Ke4 47.Bc3 Kd3
48.Kf2 Kc2 49.Bb4 Kd1 0-1

[Event "Fide Open"]
[Site "Voronezh"]
[Date "2018.06.16"]
[Round "5.12"]
[White "Kuzmin, Roman"]
[Black "Ioffe, Evgeny"]
[Result "1-0"]
[WhiteElo "1963"]
[BlackElo "2079"]
[Annotator ""]
[Source ""]
[Remark ""]

1.e4 e5 2.Nf3 Nc6 3.Bb5 a6 4.Ba4 Nf6 5.O-O Be7 6.d3 b5 7.Bb3
O-O 8.a4 Bb7 9.Na3 h6 10.Bd2 b4 11.Nc4 d6 12.Ne3 Re8 13.c3 bxc3
14.bxc3 Rb8 15.Rb1 Bf8 16.Qc2 Qd7 17.Nc4 a5 18.Rfe1 Ba6 19.d4
exd4 20.cxd4 Nb4 21.Bxb4 axb4 22.Rbc1 Bb7 23.d5 c5 24.dxc6 Qxc6
25.e5 d5 26.Na5 Qxc2 27.Rxc2 Nd7 28.Nxb7 Rxb7 29.Bxd5 Ra7 30.e6
fxe6 31.Rxe6 Rxe6 32.Bxe6+ Kh7 33.Rc8 Be7 34.h4 Nc5 35.Bg8+ Kg6
36.Ne5+ Kf6 37.Nc6 Rxa4 38.Nxe7 Kxe7 39.Rxc5 b3 40.Bxb3 Rxh4
41.Rf5 g5 42.Rf7+ Ke8 43.Rh7 Rb4 44.Bd5 Rb6 45.Kh2 Rd6 46.Be4
Re6 47.f3 Kf8 48.Kg3 Rf6 49.Kg4 Kg8 50.Kh5 1-0

[Event "Fide Open"]
[Site "Voronezh"]
[Date "2018.06.16"]
[Round "5.13"]
[White "Kulpin, Dmitriy"]
[Black "Bitkinin, Lenar"]
[Result "1-0"]
[WhiteElo "1954"]
[BlackElo "2055"]
[Annotator ""]
[Source ""]
[Remark ""]

1.Nf3 f5 2.d3 Nf6 3.e4 d6 4.exf5 Bxf5 5.d4 g6 6.Nc3 Bg7 7.Bd3
Qd7 8.O-O Nc6 9.Bxf5 gxf5 10.d5 Nd8 11.Re1 c6 12.Ng5 h6 13.Ne6
Nxe6 14.dxe6 Qc7 15.Qf3 Qa5 16.Bd2 O-O 17.Rad1 Ng4 18.b4 Qb6
19.Ne2 a5 20.Nf4 Kh7 21.h3 Ne5 22.Qh5 Rf6 23.Bc3 axb4 24.Bxe5
dxe5 25.Rxe5 Ra5 26.Rxa5 Qxa5 27.Rd7 Qxa2 28.Rxe7 Qxc2 29.Qh4
Qd1+ 30.Kh2 Qd6 31.Rd7 Qe5 32.Qg3 Rf8 33.Nh5 Qxg3+ 34.fxg3 b5
35.Nxg7 1-0

[Event "Fide Open"]
[Site "Voronezh"]
[Date "2018.06.16"]
[Round "5.14"]
[White "Zaitseva, Lyudmila"]
[Black "Selensky, Andrey"]
[Result "1/2-1/2"]
[WhiteElo "1954"]
[BlackElo "2040"]
[Annotator ""]
[Source ""]
[Remark ""]

1.d4 d5 2.c4 e6 3.Nc3 Nf6 4.Nf3 c6 5.Qd3 Nbd7 6.e4 dxe4 7.Nxe4
Nxe4 8.Qxe4 Nf6 9.Qc2 c5 10.Bf4 cxd4 11.O-O-O Bd7 12.Nxd4 Qa5
13.Kb1 Rc8 14.Bd3 Nd5 15.Bd2 Bb4 16.a3 Bxd2 17.Qxd2 Qxd2 18.Rxd2
Nf4 19.Be4 Rxc4 20.Bxb7 O-O 21.g3 e5 22.Nf3 Rc7 23.Be4 Ng6 24.Bxg6
hxg6 25.Nxe5 Bf5+ 26.Ka1 f6 27.g4 Be6 28.Nxg6 Rfc8 29.b4 Bf7
30.Nf4 Rc3 31.Nd5 Rxa3+ 32.Kb2 Bxd5 33.Rxd5 Rf3 34.Rc5 Rb8 35.g5
Rxb4+ 36.Kc2 Rg4 37.gxf6 Rxf2+ 38.Kd3 Rf3+ 39.Ke2 Rxf6 40.Ra5
Re4+ 41.Kd3 Re7 42.Rha1 Rd6+ 43.Kc4 Rc7+ 44.Rc5 Rxc5+ 45.Kxc5
Rd7 46.Kc6 Rf7 47.h4 Kh7 48.Ra5 Kh6 49.Kd6 Rf6+ 50.Ke5 a6 51.Ke4
g6 52.Ke3 Rb6 53.Kf3 Re6 54.Kf4 Rf6+ 55.Kg4 Kg7 56.h5 gxh5+ 57.Kxh5
Kf7 58.Kg5 Rb6 59.Kf5 Re6 60.Rd5 1/2-1/2

[Event "FIDE Open"]
[Site "Voronezh"]
[Date "2018.06.17"]
[Round "6.15"]
[White "Katkov, Vitaly"]
[Black "Ilyina, Lada"]
[Result "0-1"]
[WhiteElo "2018"]
[BlackElo "2031"]
[Annotator ""]
[Source ""]
[Remark ""]

1.d4 g6 2.c4 Bg7 3.g3 d6 4.Bg2 e6 5.Nc3 Ne7 6.e4 Nd7 7.f4 e5
8.Nf3 O-O 9.O-O f5 10.fxe5 dxe5 11.Bg5 h6 12.Bxe7 Qxe7 13.Nd5
Qd8 14.exf5 gxf5 15.Nh4 c6 16.Ne3 f4 17.Nef5 Nb6 18.Nxg7 Kxg7
19.dxe5 Qxd1 20.Raxd1 Nxc4 21.gxf4 Ne3 22.Rde1 Nxf1 23.Rxf1 Be6
24.Be4 Bd5 25.Bb1 Kf7 26.Bg6+ Ke6 27.Re1 Rxf4 0-1

[Event "FIDE Open"]
[Site "Voronezh"]
[Date "2018.06.17"]
[Round "6.16"]
[White "Koshevarov, Alexander"]
[Black "Zaitseva, Lyudmila"]
[Result "1-0"]
[WhiteElo "2030"]
[BlackElo "1954"]
[Annotator ""]
[Source ""]
[Remark ""]

1.e4 c5 2.d4 cxd4 3.c3 dxc3 4.Nxc3 e6 5.Nf3 Nc6 6.Bc4 Nf6 7.Qe2
Qc7 8.O-O Ng4 9.g3 a6 10.Nd5 exd5 11.exd5+ Ne7 12.h3 Nf6 13.d6
Qxd6 14.Ng5 Qc6 15.Bxf7+ Kd8 16.Be3 b6 17.Rac1 Qb7 18.Bb3 d5
19.Nf7+ Kd7 20.Bf4 Rg8 21.Rfe1 Ne4 22.Rc7+ Qxc7 23.Bxc7 Kxc7
24.Rc1+ Kb8 25.f3 Nc5 26.Qe5+ Ka7 27.Rxc5 bxc5 28.Qc7+ Bb7 29.Qxc5+
Kb8 30.Qd6+ Ka7 31.Qc5+ Kb8 32.Ne5 Nc6 33.Qxd5 Kc7 34.Nxc6 Bb4
35.Qc4 Bxc6 36.Qxb4 Rge8 37.Ba4 Rad8 38.Qa5+ Kb7 39.Bxc6+ Kxc6
40.Qxa6+ Kc5 41.Qa5+ 1-0

[Event "FIDE Open"]
[Site "Voronezh"]
[Date "2018.06.17"]
[Round "6.17"]
[White "Beldyugin, Alexey"]
[Black "Mikhnenko, Alexander"]
[Result "1-0"]
[WhiteElo "2113"]
[BlackElo "1945"]
[Annotator ""]
[Source ""]
[Remark ""]

1.b3 e6 2.Bb2 Nf6 3.g3 d5 4.Bg2 Be7 5.Nf3 O-O 6.c4 b6 7.cxd5
exd5 8.O-O Bb7 9.Ne5 c5 10.d4 Na6 11.Nc3 Ne4 12.e3 Nc7 13.Nxe4
dxe4 14.dxc5 bxc5 15.Qc2 Qd5 16.Rfd1 Qe6 17.Bxe4 Bxe4 18.Qxe4
Bf6 19.Qc4 Qh3 20.Rab1 Bxe5 21.Bxe5 Ne6 22.f4 Rfe8 23.Rd5 h5
24.Re1 Qg4 25.Qe2 Qg6 26.e4 Qh6 27.Bc3 g6 28.h4 Rad8 29.Rxd8
Rxd8 30.Rd1 Qf8 31.Rd5 Nc7 32.Rxd8 Qxd8 33.Qd2 Qe7 34.Qd3 Ne8
35.Kg2 Nf6 36.Kf3 Kh7 37.Be5 Qe6 38.Qc4 Qg4+ 39.Kf2 Kg7 40.Qc3
Qh3 41.Bxf6+ Kg8 42.Qf3 1-0

[Event "FIDE Open"]
[Site "Voronezh"]
[Date "2018.06.17"]
[Round "6.18"]
[White "Pivina, Mariya"]
[Black "Sobina, Pavel"]
[Result "1/2-1/2"]
[WhiteElo "1941"]
[BlackElo "2199"]
[Annotator ""]
[Source ""]
[Remark ""]

1.e4 c5 2.Nf3 d6 3.d4 cxd4 4.Nxd4 Nf6 5.Nc3 a6 6.Bd3 e5 7.Nb3
Be6 8.O-O b5 9.Bg5 Nbd7 10.Nd5 Bxd5 11.exd5 Be7 12.Bxf6 Bxf6
13.a4 b4 14.Qe1 a5 15.Nd4 O-O 16.Nc6 Qb6 17.Qe4 g6 18.Qf3 Kg7
19.c3 b3 20.Ra3 Nc5 21.Bc4 Rfc8 22.Qe3 Qb7 23.Kh1 Rc7 24.f4 e4
25.Nd4 Qb6 26.Nb5 Re7 27.Bxb3 Nxa4 28.Qxb6 Nxb6 29.Re1 a4 30.Bc2
Nc4 31.Rxa4 Rxa4 32.Bxa4 Nxb2 33.Bc2 e3 34.Re2 Nc4 35.Bd3 Nd2
36.g3 Nb3 37.Re1 Nc5 38.Bc2 e2 39.Kg2 Re3 40.Kf2 Bxc3 41.Kxe3
Bxe1 42.Kxe2 Bb4 43.Nxd6 Na4 1/2-1/2

[Event "FIDE Open"]
[Site "Voronezh"]
[Date "2018.06.17"]
[Round "6.19"]
[White "Pokhlebin, Sergej"]
[Black "Manukovsky, Vladimir"]
[Result "0-1"]
[WhiteElo "1898"]
[BlackElo "2146"]
[Annotator ""]
[Source ""]
[Remark ""]

1.e4 c5 2.Nf3 d6 3.d4 cxd4 4.Nxd4 Nf6 5.Nc3 a6 6.Bg5 Nbd7 7.Qe2
b5 8.a3 Bb7 9.f4 Qc7 10.O-O-O Rc8 11.g3 e6 12.Bh3 Qc4 13.Qe3
h6 14.Bxf6 Nxf6 15.Rhe1 Be7 16.Kb1 O-O 17.g4 b4 18.axb4 Qxb4
19.g5 hxg5 20.fxg5 Rxc3 21.Qxc3 Qxc3 22.bxc3 Nxe4 23.Rd3 Nxg5
24.Nf5 Re8 25.Nxe7+ Rxe7 26.Bg4 d5 27.Rd4 Ne4 28.Bf3 f5 29.Kb2
Kf7 30.Bxe4 fxe4 0-1

[Event "FIDE Open"]
[Site "Voronezh"]
[Date "2018.06.17"]
[Round "6.20"]
[White "Peschansky, Mikhail"]
[Black "Piskov, Vladimir A."]
[Result "1-0"]
[WhiteElo "2137"]
[BlackElo "1928"]
[Annotator ""]
[Source ""]
[Remark ""]

1.c4 e6 2.Nf3 d5 3.g3 c5 4.Bg2 Nf6 5.O-O Be7 6.d4 O-O 7.cxd5
exd5 8.dxc5 Bxc5 9.Qc2 Ne4 10.Nc3 Nxc3 11.Qxc3 Be7 12.Rd1 Nc6
13.Nd4 Bf6 14.Nxc6 Bxc3 15.Nxd8 1-0

[Event "FIDE Open"]
[Site "Voronezh"]
[Date "2018.06.17"]
[Round "6.21"]
[White "Levicheva, Ekaterina"]
[Black "Abramov, Ilya"]
[Result "0-1"]
[WhiteElo "1908"]
[BlackElo "2089"]
[Annotator ""]
[Source ""]
[Remark ""]

1.Nf3 f5 2.g3 Nf6 3.Bg2 d6 4.d4 g6 5.c4 Bg7 6.Nc3 O-O 7.O-O Qe8
8.d5 a5 9.Nd4 Na6 10.Rb1 Qf7 11.Ncb5 Rb8 12.Bd2 e5 13.dxe6 Bxe6
14.b3 b6 15.Be3 Nc5 16.Nc6 Rbe8 17.Bxc5 dxc5 18.Ne5 Qe7 19.f4
Ne4 20.Bxe4 fxe4 21.Nc3 Bxe5 22.fxe5 Qg5 23.Rxf8+ Rxf8 24.Qc1
Qxe5 25.Qe3 Qd4 26.Qxd4 cxd4 27.Nb5 c5 28.Nc7 Bg4 29.e3 d3 30.Nd5
d2 31.Nc3 Rd8 32.Nd1 Rd3 33.Kf2 Bf3 34.h3 a4 35.bxa4 Ra3 36.a5
bxa5 37.Kf1 Rxa2 38.Nc3 0-1

[Event "FIDE Open"]
[Site "Voronezh"]
[Date "2018.06.17"]
[Round "6.22"]
[White "Ioffe, Evgeny"]
[Black "Sukhareva, Valentina"]
[Result "1-0"]
[WhiteElo "2079"]
[BlackElo "1847"]
[Annotator ""]
[Source ""]
[Remark ""]

1.e4 g6 2.d4 Bg7 3.Nc3 d6 4.f4 Nf6 5.Nf3 O-O 6.Bd3 Nbd7 7.e5
Ne8 8.Ne4 c5 9.c3 cxd4 10.cxd4 dxe5 11.dxe5 Nc5 12.Nxc5 Qa5+
13.Kf2 Qxc5+ 14.Be3 Qd5 15.Qc2 Bg4 16.Be4 Qb5 17.Nd4 Qd7 18.h3
Be6 19.Nxe6 fxe6 20.Rhd1 Qb5 21.Kg1 Bh6 22.Rf1 Rd8 23.Rac1 Rd7
24.a4 Qb4 25.Bxg6 hxg6 26.Qxg6+ Bg7 27.Qxe6+ 1-0

[Event "FIDE Open"]
[Site "Voronezh"]
[Date "2018.06.17"]
[Round "6.23"]
[White "Tverdokhleb, Aleksandr"]
[Black "Fadin, Evgeny"]
[Result "1-0"]
[WhiteElo "1889"]
[BlackElo "2056"]
[Annotator ""]
[Source ""]
[Remark ""]

1.e4 c5 2.Nf3 e6 3.c3 Nf6 4.e5 Nd5 5.d4 cxd4 6.cxd4 f5 7.Bc4
Nb6 8.Bb3 Nc6 9.Nc3 Na5 10.d5 Nxb3 11.Bg5 Be7 12.Bxe7 Qxe7 13.d6
Qf7 14.Qxb3 O-O 15.a4 Rb8 16.a5 Na8 17.Nb5 a6 18.Nc7 b5 19.O-O
Bb7 20.Nd4 Nxc7 21.dxc7 Rbc8 22.Rac1 Qe7 23.f4 Bd5 24.Qc3 Rf7
25.Qc5 Qxc5 26.Rxc5 Kf8 27.Rfc1 g6 28.Kf2 Ke8 29.g3 Bb7 30.Rxb5
axb5 31.Nxb5 Ke7 32.Nd6 Ba6 33.b4 Ra8 34.b5 Bc8 35.a6 Rf8 1-0

[Event "FIDE Open"]
[Site "Voronezh"]
[Date "2018.06.17"]
[Round "6.24"]
[White "Bitkinin, Lenar"]
[Black "Yaurov, Egor"]
[Result "1-0"]
[WhiteElo "2055"]
[BlackElo "1825"]
[Annotator ""]
[Source ""]
[Remark ""]

1.d4 d5 2.Nf3 e6 3.c4 a6 4.e3 Nf6 5.Nc3 Nbd7 6.cxd5 exd5 7.Bd3
Bd6 8.O-O O-O 9.Qc2 h6 10.a3 Re8 11.b4 b6 12.e4 dxe4 13.Nxe4
Bb7 14.Nxd6 cxd6 15.Bf4 Rc8 16.Qd1 Nf8 17.Bg3 Ne6 18.Re1 Qd7
19.Bf5 g6 20.Bh3 Bd5 21.Qd2 Kg7 22.Bh4 g5 23.Nxg5 hxg5 24.Bxe6
Rxe6 25.Qxg5+ Kf8 26.Qh6+ Kg8 27.Bxf6 Rxe1+ 28.Rxe1 Qg4 29.Qh8# 1-0

[Event "FIDE Open"]
[Site "Voronezh"]
[Date "2018.06.17"]
[Round "6.25"]
[White "Korolkov, Alexander"]
[Black "Katyshkina, Anastasia"]
[Result "1/2-1/2"]
[WhiteElo "1734"]
[BlackElo "2035"]
[Annotator ""]
[Source ""]
[Remark ""]

1.c4 Nf6 2.Nc3 d5 3.cxd5 Nxd5 4.Nf3 g6 5.d4 Bg7 6.e3 O-O 7.Bc4
Nb6 8.Bb3 c5 9.O-O cxd4 10.Nxd4 Bd7 11.Qe2 Nc6 12.Rd1 Qc8 13.Nd5
Nxd5 14.Bxd5 a6 15.Bd2 Nxd4 16.exd4 e6 17.Rac1 Qb8 18.Bf3 Bb5
19.Qe3 Qa7 20.Bb4 Rfd8 21.Bc5 b6 22.Bb4 Rac8 23.b3 a5 24.Ba3
Rxc1 25.Qxc1 Qb8 26.d5 exd5 27.Rxd5 Rxd5 28.Bxd5 Qe8 29.Bf3 h5
30.g3 Qe5 31.Kg2 Qf5 32.Qd1 Kh7 33.Qd5 Bd7 34.Qxf5 Bxf5 35.Bd6
Bd4 36.Bd5 Kg7 37.f4 Kg8 38.a4 Be3 39.Be7 Bd4 40.Bd6 Be3 41.Be7
Bd4 1/2-1/2

[Event "FIDE Open"]
[Site "Voronezh"]
[Date "2018.06.17"]
[Round "6.26"]
[White "Kolyuzhnov, Vladislav"]
[Black "Poltavets, Ivan"]
[Result "1-0"]
[WhiteElo "1986"]
[BlackElo "1765"]
[Annotator ""]
[Source ""]
[Remark ""]

1.e4 d6 2.d4 g6 3.Bd3 Bg7 4.Nf3 a6 5.O-O Nc6 6.d5 Nb4 7.Be2 a5
8.c3 Na6 9.Be3 Nf6 10.Nbd2 O-O 11.Nd4 e5 12.Nc2 Nc5 13.f3 Nh5
14.b4 Na4 15.Nb1 Nf4 16.Bb5 Bd7 17.c4 f5 18.Ne1 axb4 19.Bxd7
Qxd7 20.Nd3 fxe4 21.fxe4 Nxd3 22.Rxf8+ Rxf8 23.Qxd3 Nc5 24.Bxc5
dxc5 25.Nd2 Ra8 26.Qe3 b6 27.Qg5 b5 28.Nb3 Qd6 29.Qe3 bxc4 30.Nd2
c3 31.Nc4 Qe7 32.a4 Bf6 33.a5 Bg5 34.Qd3 Qf6 35.d6 Rd8 36.a6
c2 37.Qxc2 cxd6 38.a7 Ra8 39.Qa4 d5 40.exd5 e4 41.Rd1 Qe7 42.Qc6
Rxa7 43.Qc8+ Kg7 44.d6 Qd7 45.Qxc5 b3 46.Qxg5 Ra2 47.Qe5+ Kf7
48.Rf1+ Kg8 49.Nb6 Qg4 50.Qe8+ Kg7 51.Qf8# 1-0

[Event "FIDE Open"]
[Site "Voronezh"]
[Date "2018.06.17"]
[Round "6.27"]
[White "Grekhov, Luka"]
[Black "Savoskin, Vladimir"]
[Result "1-0"]
[WhiteElo "1955"]
[BlackElo "1743"]
[Annotator ""]
[Source ""]
[Remark ""]

1.e4 c5 2.Nf3 Nc6 3.d4 cxd4 4.Nxd4 e6 5.Nxc6 bxc6 6.Bd3 Nf6 7.O-O
Be7 8.e5 Nd5 9.Qg4 Kf8 10.a3 h5 11.Qf3 Kg8 12.c4 Nb6 13.Nc3 Bg5
14.Be3 Rb8 15.Ne4 Be7 16.b4 Ba6 17.Rac1 Nc8 18.Bd4 Bb7 19.c5
a5 20.Nf6+ Kf8 21.Nxh5 axb4 22.axb4 Ra8 23.Nf4 Ke8 24.Ng6 Rh6
25.Nxe7 Qxe7 26.g3 Ra4 27.Be3 Rh8 28.Ra1 Rxa1 29.Rxa1 Kd8 30.Qg4
f6 31.Qf4 f5 32.Ba6 Bxa6 33.Rxa6 Qf7 34.h4 Kc7 35.b5 cxb5 36.Qb4
Kd8 37.Qxb5 Rh5 38.Bg5+ Rxg5 39.hxg5 Qh5 40.Qb7 Qd1+ 41.Kg2 f4
42.Ra8 Qd5+ 43.Qxd5 exd5 44.gxf4 Kc7 45.f5 Kb7 46.Rxc8 Kxc8 47.f6
gxf6 48.g6 1-0

[Event "FIDE Open"]
[Site "Voronezh"]
[Date "2018.06.17"]
[Round "6.28"]
[White "Neklyudov, Taras"]
[Black "Gorodnichev, Alexey"]
[Result "1/2-1/2"]
[WhiteElo "1876"]
[BlackElo "1949"]
[Annotator ""]
[Source ""]
[Remark ""]

1.e4 e6 2.d4 d5 3.Nd2 dxe4 4.Nxe4 Nd7 5.Nf3 Ngf6 6.Nxf6+ Nxf6
7.Be3 Bd6 8.Bd3 b6 9.Qe2 Bb7 10.O-O-O Qe7 11.Kb1 O-O-O 12.c4
c5 13.dxc5 Bxc5 14.Bxc5 Qxc5 15.Ne5 Rhf8 16.f4 Nd7 17.Nf3 Qc7
18.g3 Nc5 19.Bc2 a5 20.Rhe1 h6 1/2-1/2

[Event "FIDE Open"]
[Site "Voronezh"]
[Date "2018.06.17"]
[Round "6.29"]
[White "Efendiev, Enver"]
[Black "Aloyan, Mikhail"]
[Result "1/2-1/2"]
[WhiteElo "1948"]
[BlackElo "1759"]
[Annotator ""]
[Source ""]
[Remark ""]

1.e4 Nf6 2.e5 Nd5 3.c4 Nb6 4.d4 d6 5.f4 dxe5 6.fxe5 Nc6 7.Nf3
Bg4 8.e6 Bxe6 9.d5 Nxd5 10.cxd5 Qxd5 11.Qxd5 Bxd5 12.Nc3 Bxf3
13.gxf3 O-O-O 14.Be3 g6 15.Bb5 Nd4 16.Bxd4 Rxd4 17.Rd1 Rxd1+
18.Kxd1 Bh6 19.Kc2 Bf4 20.h3 c6 21.Bc4 e6 22.Rd1 Kc7 23.Ne4 b6
24.a4 g5 25.Rg1 h6 26.Rd1 h5 27.Nf6 Bd6 28.b3 h4 29.Ne4 Bf4 30.Rg1
Rg8 31.Rd1 Rg6 32.Nf2 a5 33.Nd3 Bd6 34.Re1 Rf6 35.Re3 Bh2 36.Ne5
Bxe5 37.Rxe5 Rxf3 38.Rxg5 Kd6 39.Rg7 Ke7 40.Be2 Rxh3 41.Bh5 Rh2+
42.Kd3 Rf2 43.Ke3 Rf1 44.Ke2 Rf4 45.Ke3 e5 46.Bf3 Kd6 47.Rh7
b5 48.axb5 cxb5 49.Rh8 f6 50.Rc8 h3 51.Rh8 Kc5 1/2-1/2

[Event "FIDE Open"]
[Site "Voronezh"]
[Date "2018.06.17"]
[Round "6.30"]
[White "Popelyshev, Igor V."]
[Black "Ismailov, Samir"]
[Result "1-0"]
[WhiteElo "2095"]
[BlackElo "1507"]
[Annotator ""]
[Source ""]
[Remark ""]

1.e4 e6 2.d4 d5 3.Nc3 Bb4 4.exd5 exd5 5.Bd3 Nf6 6.Nge2 O-O 7.O-O
Be6 8.Bg5 Nbd7 9.Nf4 c6 10.Qf3 Qc7 11.Nxe6 fxe6 12.Qh3 Rae8 13.f4
Bxc3 14.bxc3 c5 15.f5 e5 16.dxe5 Nxe5 17.Bf4 c4 18.Be2 Qc5+ 19.Be3
Qa3 20.Bd4 Nc6 21.Bf3 Nxd4 22.cxd4 Qe3+ 23.Kh1 Qxd4 24.Rad1 Qc5
25.Qh4 Ne4 26.g4 Nc3 27.Rd2 Qe3 28.Qf2 Qxf2 29.Rfxf2 Re1+ 30.Kg2
Rd8 31.Kg3 Kf7 32.Kf4 d4 33.Bxb7 d3 34.cxd3 cxd3 35.Rf3 Re2 36.Rdxd3
Rxd3 37.Rxd3 Nxa2 38.Rd7+ Kf8 39.Bd5 Nb4 40.Be6 a5 41.Rf7+ Ke8
42.Rxg7 Rxh2 43.f6 Rf2+ 44.Kg5 Kd8 45.Rd7+ Ke8 46.Rxh7 Kf8 47.Rd7
Ke8 48.f7+ Kf8 49.Rd8+ Ke7 50.Re8+ Kd6 51.f8Q+ Rxf8 52.Rxf8 Kxe6
53.Rf6+ Ke7 54.Rb6 Kf7 55.Rb5 Nc6 56.Rc5 Nd4 57.Rxa5 Nf3+ 58.Kh6
Kf6 1-0

[Event "FIDE Open"]
[Site "Voronezh"]
[Date "2018.06.17"]
[Round "6.31"]
[White "Maraktanov, Andrey"]
[Black "Strukova, Ksenia"]
[Result "0-1"]
[WhiteElo "1763"]
[BlackElo "1994"]
[Annotator ""]
[Source ""]
[Remark ""]

1.d4 Nf6 2.Nf3 g6 3.c4 Bg7 4.g3 O-O 5.Bg2 d6 6.Nc3 c6 7.O-O Qb6
8.h3 Na6 9.e4 e5 10.d5 Bd7 11.Qe2 cxd5 12.cxd5 Nc7 13.Be3 Qa6
14.Qxa6 Nxa6 15.Rfc1 b6 16.Bf1 Nc5 17.Nd2 Rfc8 18.b4 Nb7 19.Ba6
Rc7 20.Nb5 Bxb5 21.Bxb5 Rac8 22.Rxc7 Rxc7 23.Kf1 Nh5 24.Kg2 f5
25.Nc4 fxe4 26.Nd2 Nf6 27.a4 Kf8 28.Bc6 Nd8 29.b5 Nxc6 30.dxc6
d5 31.a5 d4 32.axb6 axb6 33.Bg5 e3 34.fxe3 dxe3 35.Bxe3 Nd5 36.Nc4
e4 37.Ra8+ Ke7 38.Bxb6 Nxb6 39.Nxb6 Kd6 40.Na4 Bd4 41.Rd8+ Ke5
42.Rd7 Rc8 43.Rb7 Rf8 44.Re7+ Kd6 45.Rxe4 Rf2+ 46.Kg1 Rf4+ 47.Rxd4+
Rxd4 48.Nb6 Rd3 49.Kf2 Kc7 50.Nc4 Rc3 51.Ne3 Rc5 52.Ng4 Rxb5
53.Ke3 Kxc6 54.Nf6 Re5+ 55.Kd4 Re7 56.g4 Kd6 57.Ne4+ Ke6 58.Ng5+
Kf6 59.Ne4+ Kg7 60.g5 Ra7 61.h4 Ra1 62.Nd2 Ra4+ 63.Nc4 Ra2 64.Ne5
Re2 65.Ng4 Kf7 66.Kd3 Rg2 67.Nf6 Kg7 68.Ne8+ Kh8 69.Ke3 Rg4 70.Nf6
Rxh4 71.Kf3 Ra4 72.Ne4 Kg7 73.Kf4 h6 74.gxh6+ Kxh6 75.Kf3 Kh5
76.Ng3+ Kh4 77.Nf1 g5 78.Kg2 g4 0-1

[Event "FIDE Open"]
[Site "Voronezh"]
[Date "2018.06.17"]
[Round "6.32"]
[White "Malinin, Sergey"]
[Black "Teryaeva, Valeria"]
[Result "1-0"]
[WhiteElo "1953"]
[BlackElo "1787"]
[Annotator ""]
[Source ""]
[Remark ""]

1.d4 f5 2.g3 Nf6 3.Bg2 g6 4.Nh3 d6 5.Nf4 e5 6.dxe5 dxe5 7.Qxd8+
Kxd8 8.Nd3 e4 9.Ne5 Be6 10.Bg5 Bg7 11.Nc3 c6 12.O-O-O+ Kc7 13.Bf4
Kc8 14.Rd6 Bd5 15.Nxd5 Nxd5 16.Nf7 Re8 17.c4 Nxf4 18.gxf4 Re7
19.Ng5 Rd7 20.Rxd7 Kxd7 21.Nxh7 Na6 22.Ng5 Nc5 23.Rd1+ Ke7 24.f3
Na4 25.Rd2 Rh8 26.h3 e3 27.Rd3 Nxb2 28.Rxe3+ Kd7 29.Rb3 b6 30.Rxb2
Bxb2+ 31.Kxb2 Re8 32.Bf1 Re3 33.Nf7 Ke7 34.Ne5 g5 35.Nd3 1-0

[Event "FIDE Open"]
[Site "Voronezh"]
[Date "2018.06.17"]
[Round "6.34"]
[White "Zakharov, Denis"]
[Black "Popov, Denis"]
[Result "1-0"]
[WhiteElo "1928"]
[BlackElo "1642"]
[Annotator ""]
[Source ""]
[Remark ""]

1.Nf3 d5 2.g3 Nf6 3.Bg2 Bg4 4.h3 Bxf3 5.Bxf3 c6 6.O-O e6 7.d3
Be7 8.Nd2 O-O 9.c4 Nbd7 10.cxd5 cxd5 11.e4 dxe4 12.dxe4 Nb6 13.e5
Nfd5 14.Be4 Rc8 15.Qh5 g6 16.Qe2 f5 17.exf6 Bxf6 18.h4 Bg7 19.Nf3
Qe8 20.Kg2 Nd7 21.h5 N7f6 22.hxg6 hxg6 23.Ng5 Rc6 24.Bc2 a6 25.Bb3
Rd6 26.Re1 Qc6 27.Kg1 Nh5 28.Ne4 e5 29.Be3 Rfd8 30.Rac1 Qe8 31.Rc7 1-0

[Event "FIDE Open"]
[Site "Voronezh"]
[Date "2018.06.17"]
[Round "6.35"]
[White "Sushkov, Mikhail"]
[Black "Leolko, Ludmila"]
[Result "0-1"]
[WhiteElo "1727"]
[BlackElo "1901"]
[Annotator ""]
[Source ""]
[Remark ""]

1.e4 c5 2.Nf3 a6 3.d4 cxd4 4.Nxd4 Nf6 5.Nc3 e5 6.Nb3 Bb4 7.Qf3
d5 8.exd5 Qxd5 9.Qxd5 Nxd5 10.Bd2 Bxc3 11.Bxc3 Nxc3 12.bxc3 Nc6
13.Bd3 O-O 14.O-O b6 15.Rab1 Be6 16.a4 f5 17.f3 Kf7 18.Nd2 Rfb8
19.Rfe1 Kf6 20.Nc4 b5 21.axb5 axb5 22.Nd6 b4 23.Bb5 Na7 24.Rxb4
Nxb5 25.Nxb5 Ra2 26.f4 e4 27.Nd4 Rxb4 28.cxb4 Rb2 29.c3 Bc4 30.h4
g6 31.Kh2 Rf2 32.Kg3 Rd2 33.Rc1 h6 34.Rb1 Rd3+ 35.Kh2 Rxc3 36.b5
Bd5 37.b6 Bb7 38.Rb2 Rd3 39.Nb3 Rd7 40.Nc5 Re7 41.Nxb7 Rxb7 42.Kh3
h5 43.Kg3 Ke6 44.Kf2 Kd5 45.Ke3 Kc5 46.Rc2+ Kxb6 47.Rd2 Kc5 48.Rc2+
Kd5 49.Rd2+ Ke6 50.Ra2 Rd7 51.Ra6+ Rd6 52.Ra3 Rb6 53.Rc3 Rb2
54.g3 Rg2 55.Kd4 Rd2+ 56.Kc4 Rd6 57.Ra3 Rc6+ 58.Kd4 Kd6 59.Rb3
Ra6 60.Rc3 Ra4+ 61.Ke3 Kd5 0-1

[Event "FIDE Open"]
[Site "Voronezh"]
[Date "2018.06.17"]
[Round "6.36"]
[White "Efendieva, Alina"]
[Black "Bukatin, Arseny"]
[Result "0-1"]
[WhiteElo "1727"]
[BlackElo "1894"]
[Annotator ""]
[Source ""]
[Remark ""]

1.e4 e5 2.Nf3 Nc6 3.Bc4 Bc5 4.c3 Nf6 5.d4 exd4 6.cxd4 Bb4+ 7.Nc3
Nxe4 8.O-O Bxc3 9.d5 Bf6 10.Re1 Ne7 11.Rxe4 d6 12.Bg5 Bxg5 13.Nxg5
h6 14.Qe2 hxg5 15.Re1 Be6 16.dxe6 f6 17.Re3 Kf8 18.Rh3 Rxh3 19.gxh3
g6 20.Qf3 Kg7 21.Qxb7 Qc8 22.Qf3 Rb8 23.b3 Qb7 24.Qxb7 Rxb7 25.Rc1
c6 26.Bd3 f5 27.Re1 Kf6 28.Bc4 Rb4 29.a3 Rb6 30.b4 Rb8 31.Kg2
Rh8 32.f3 Rh4 33.Bb3 Rd4 34.Bd1 Rd2+ 35.Kh1 Rd5 36.Ba4 Rd3 37.Rc1
Rxa3 38.Bxc6 Nxc6 39.Rxc6 Ra1+ 40.Kg2 Ra2+ 41.Kg1 Kxe6 42.Rc7
d5 43.h4 gxh4 44.f4 d4 45.Rc6+ Kd5 46.Rxg6 Ke4 47.Re6+ Kxf4 48.Re1
d3 49.Rd1 Ke3 50.Kf1 Rxh2 51.Kg1 Re2 0-1

[Event "FIDE Open"]
[Site "Voronezh"]
[Date "2018.06.17"]
[Round "6.37"]
[White "Kushnarenko, Egor"]
[Black "Morgachev, Sergey"]
[Result "1/2-1/2"]
[WhiteElo "1631"]
[BlackElo "1889"]
[Annotator ""]
[Source ""]
[Remark ""]

1.d4 Nf6 2.c4 e6 3.Nf3 c5 4.e3 cxd4 5.exd4 d5 6.Nc3 Bb4 7.Bd2
O-O 8.a3 Bxc3 9.bxc3 b6 10.cxd5 Nxd5 11.Bd3 Bb7 12.O-O Nd7 13.Re1
Qc7 14.Qc2 N7f6 15.Ne5 Rac8 16.c4 Ne7 17.Bf4 Qd8 18.Bg5 Ng6 19.Rad1
Qc7 20.f3 Nd7 21.Nxd7 Qxd7 22.Kh1 Ba6 23.d5 Qc7 24.dxe6 fxe6
25.Bxg6 hxg6 26.Rxe6 Qxc4 27.Qxc4 Bxc4 28.Rxg6 Rfe8 29.Rgd6 Bb5
30.Rd8 Rcxd8 31.Rxd8 Rxd8 32.Bxd8 Bc6 33.Kg1 Kf7 34.Kf2 Ke6 35.Ke3
Bd5 36.g4 Bb3 37.h4 g6 38.Bc7 b5 39.Ba5 Bd1 40.Bc3 Bc2 41.Kf4
Bd1 42.Ke4 Bc2+ 43.Ke3 Bb3 44.Kf4 Bd1 45.h5 gxh5 46.gxh5 Bc2
47.h6 Bh7 1/2-1/2

[Event "FIDE Open"]
[Site "Voronezh"]
[Date "2018.06.17"]
[Round "6.38"]
[White "Sibgatullin, Amir"]
[Black "Shestakova, Ekaterina"]
[Result "1/2-1/2"]
[WhiteElo "1638"]
[BlackElo "1886"]
[Annotator ""]
[Source ""]
[Remark ""]

1.e4 c5 2.Nf3 Nc6 3.d4 cxd4 4.Nxd4 e5 5.Nf3 Nf6 6.Nc3 Bb4 7.Bd3
d5 8.exd5 Nxd5 9.Bd2 Nxc3 10.bxc3 Bc5 11.O-O Bg4 12.Qe2 O-O 13.Qe4
f5 14.Qc4+ Kh8 15.Ng5 Rf6 16.Qxc5 e4 17.Bc4 Qxd2 18.Nf7+ Kg8
19.Ne5+ Kh8 20.Nxg4 fxg4 21.Qe3 Rd8 22.Qxe4 Rf4 23.Qe6 Qxc3 24.Bd3
Rdf8 25.Rae1 Qc5 26.Qe3 Qd6 27.Qg3 Qf6 28.Re4 g6 29.Qe3 Rxe4
30.Qxe4 Qf4 31.Qe3 a6 32.Qb6 Qf7 33.a3 Rc8 34.Rb1 Rc7 35.Bc4
Qe7 36.Bd5 Qd6 37.c4 Rd7 38.Qe3 Re7 39.Qc3+ Qe5 40.Qxe5+ Nxe5
41.a4 Rc7 42.Rxb7 Rc5 43.Rb8+ Kg7 44.Rb4 Nd3 45.Rb3 Nf4 46.Kf1
Nxd5 47.cxd5 Rxd5 1/2-1/2